000 01473cam a22003854a 4500
001 14830881
003 OSt
005 20140310182506.0
008 070427s2008 paua b 001 0 eng
010 _a 2007017928
020 _a9780443067211
035 _a(DNLM)101305800
040 _aDNLM/DLC
_cDLC
_dDLC
042 _apcc
050 0 0 _aQM 25
_b.G72 2008
060 1 0 _aQS 17
_bG784 2008
082 0 0 _a611.0022/3
245 0 0 _aGray's atlas of anatomy /
_cRichard L. Drake ... [et al.].
246 3 0 _aAtlas of anatomy
250 _a1st ed.
260 _aPhiladelphia :
_bChurchill Livingstone,
_cc2008.
300 _a558 p. ;
_bmostly col. ill. :
_c28 cm.
500 _aCompanion to: Gray's anatomy for students / Richard L. Drake, Wayne Vogl, Adam W.M. Mitchell. 2005.
504 _aIncludes and index.
505 0 _aThe Body -- Back -- Thorax -- Abdomen -- Pelvis and perineum -- Lower limb -- Upper limb -- Head and neck.
650 0 _aAnatomy
_vAtlases.
_98862
650 1 2 _aAnatomy
_vAtlases.
_98863
700 1 _aDrake, Richard L.
_q(Richard Lee),
_d1950-
_98864
700 1 _aDrake, Richard L.
_q(Richard Lee),
_d1950-
_tGray's anatomy for students.
_98865
700 1 _aGray, Henry,
_d1825-1861.
_tGray's anatomy.
_98866
906 _a0
_bvip
_corignew
_d1
_eecip
_f20
_gy-gencatlg
942 _2lcc
_cSSLC
999 _c13858
_d13858